[Event "Rated Blitz game"]
[Site "?"]
[Date "2021.10.22"]
[Round "?"]
[White "Druida78"]
[Black "Pepiton61"]
[Result "1/2-1/2"]
[WhiteElo "2440"]
[BlackElo "2397"]
[PlyCount "108"]
[EventDate "2021.??.??"]
[EventType "blitz"]

1. e4 e5 2. Nf3 d5 3. Nxe5 Bd6 4. d4 dxe4 5. Nc4 Nc6 6. Nxd6+ Qxd6 7. Be3 Nf6
8. Be2 O-O 9. O-O Bf5 10. c4 Rad8 11. d5 Ne5 12. Nc3 Neg4 13. g3 Nxe3 14. fxe3
Bh3 15. Rf4 Qc5 16. Qd4 Qxd4 17. exd4 c6 18. dxc6 Rxd4 19. cxb7 Rb8 20. Rd1
Rxd1+ 21. Bxd1 Rxb7 22. b3 Rd7 23. Bc2 Rd2 24. Bxe4 Nxe4 25. Rxe4 Rg2+ 26. Kh1
g6 27. Re2 Rxe2 28. Nxe2 Kg7 29. Kg1 Kf6 30. Kf2 Ke5 31. Ke3 Be6 32. Nf4 Bd7
33. Nd3+ Kd6 34. b4 g5 35. a3 f5 36. Kd4 h5 37. h4 gxh4 38. gxh4 Be8 39. c5+
Kc6 40. Nf4 Kb5 41. Nd5 Ka4 42. Ne7 f4 43. c6 Kxa3 44. c7 Bd7 45. c8=Q Bxc8 46.
Nxc8 a6 47. Ke4 Kxb4 48. Kxf4 a5 49. Nb6 Kb5 50. Nd5 Kc4 51. Ne3+ Kc3 52. Nd5+
Kc4 53. Nb6+ Kb5 54. Nd5 Kc4 {Normal} 1/2-1/2

[Event "Rated Blitz game"]
[Site "?"]
[Date "2021.10.22"]
[Round "?"]
[White "totoff"]
[Black "Azimi70"]
[Result "1-0"]
[WhiteElo "2448"]
[BlackElo "2283"]
[PlyCount "93"]
[EventDate "2021.??.??"]
[EventType "blitz"]

1. e4 e5 2. Nf3 d5 3. d3 dxe4 4. dxe4 Qxd1+ 5. Kxd1 Bg4 6. Bc4 Nc6 7. c3 O-O-O+
8. Kc2 Be6 9. Bxe6+ fxe6 10. a4 Nf6 11. Re1 h6 12. Nbd2 Bc5 13. Re2 Rhf8 14. h3
Nh5 15. Nc4 Nf4 16. Bxf4 exf4 17. b4 Be7 18. b5 Nb8 19. e5 Nd7 20. a5 Kb8 21.
a6 Nb6 22. Na5 g5 23. axb7 Rd7 24. Nd4 c5 25. bxc6 Rxd4 26. cxd4 Nd5 27. Kd3
Rd8 28. Nb3 Nb4+ 29. Ke4 Nxc6 30. Rea2 Kxb7 31. Na5+ Nxa5 32. Rxa5 Ra8 33. Ra6
Bd8 34. Rxe6 Bb6 35. d5 Rc8 36. Re7+ Ka8 37. d6 Rc4+ 38. Kd5 Rd4+ 39. Kc6 Rc4+
40. Kd7 Bxf2 41. Ke8 Rc8+ 42. Kf7 Bd4 43. d7 Rd8 44. Re8 Bb6 45. e6 Kb7 46.
Rxd8 Bxd8 47. e7 {Normal} 1-0

[Event "Rated Blitz game"]
[Site "?"]
[Date "2021.10.22"]
[Round "?"]
[White "ixlmaster"]
[Black "RCompany_1"]
[Result "1/2-1/2"]
[WhiteElo "2412"]
[BlackElo "2365"]
[PlyCount "102"]
[EventDate "2021.??.??"]
[EventType "blitz"]

1. e4 e5 2. Nf3 d5 3. exd5 e4 4. Qe2 Nf6 5. Nc3 Be7 6. Nxe4 Nxd5 7. d3 O-O 8.
Bd2 Re8 9. O-O-O f5 10. Nc3 Nxc3 11. Bxc3 Bg5+ 12. Nxg5 Rxe2 13. Bxe2 Qxg5+ 14.
Kb1 Nc6 15. h4 Qe7 16. Bf3 Qf7 17. h5 h6 18. Rde1 Be6 19. a3 Bd5 20. Bxd5 Qxd5
21. Rh3 b5 22. Rg3 Qf7 23. Bxg7 Qxg7 24. Rxg7+ Kxg7 25. Re6 Nd4 26. Re7+ Kf6
27. Rxc7 a5 28. c3 Ne6 29. Rc6 Rb8 30. g3 b4 31. axb4 axb4 32. d4 bxc3 33. d5
Rxb2+ 34. Kc1 Re2 35. dxe6 Rxf2 36. e7+ Kxe7 37. Rxh6 Rf3 38. Rg6 f4 39. gxf4
Rxf4 40. Kc2 Rf3 41. h6 Rh3 42. Rc6 Kd7 43. Ra6 Kc8 44. Rg6 Kc7 45. Rg7+ Kc6
46. h7 Kc5 47. Rc7+ Kd4 48. Rd7+ Kc4 49. Rc7+ Kd4 50. Rd7+ Kc4 51. Rc7+ Kd4 {
Normal} 1/2-1/2

[Event "Rated Blitz game"]
[Site "?"]
[Date "2021.10.22"]
[Round "?"]
[White "meadow_meal"]
[Black "Larenim"]
[Result "1-0"]
[WhiteElo "2426"]
[BlackElo "2302"]
[PlyCount "93"]
[EventDate "2021.??.??"]
[EventType "blitz"]

1. e4 e5 2. Nf3 d5 3. Nxe5 Bd6 4. d4 dxe4 5. Be2 Bxe5 6. dxe5 Qxd1+ 7. Bxd1 Nc6
8. Bf4 Bf5 9. Nc3 O-O-O 10. O-O Nge7 11. Re1 Ng6 12. Bg5 Rde8 13. Nxe4 Ngxe5
14. Ng3 Bg6 15. b3 f6 16. Be3 Nb4 17. c4 a6 18. h3 Rd8 19. a3 Nbd3 20. Rf1 Rhe8
21. Bh5 f5 22. Bxg6 hxg6 23. Ne2 Nc6 24. Nf4 g5 25. Nxd3 Rxd3 26. b4 f4 27. Bc1
Re2 28. h4 Nd4 29. hxg5 f3 30. Be3 Nc2 31. Rad1 Rxd1 32. Rxd1 fxg2 33. Rd2 Re1+
34. Kxg2 Nxe3+ 35. fxe3 Rxe3 36. Rf2 Re4 37. Rf8+ Kd7 38. Rf7+ Re7 39. Rxe7+
Kxe7 40. Kf3 g6 41. Ke4 Ke6 42. a4 c6 43. c5 a5 44. bxa5 Kd7 45. Ke5 Ke7 46. a6
bxa6 47. a5 {Time forfeit} 1-0

[Event "Rated Blitz game"]
[Site "?"]
[Date "2021.10.22"]
[Round "?"]
[White "Kote-20C"]
[Black "barry-allen"]
[Result "0-1"]
[WhiteElo "2435"]
[BlackElo "2384"]
[PlyCount "92"]
[EventDate "2021.??.??"]
[EventType "blitz"]

1. e4 e5 2. Nf3 d5 3. exd5 e4 4. Qe2 Nf6 5. Nc3 Be7 6. Nxe4 O-O 7. d4 Qxd5 8.
Nxf6+ Bxf6 9. Be3 Nd7 10. c4 Qf5 11. Qd3 Qh5 12. O-O-O Nb6 13. Qd2 Bf5 14. Bd3
Rac8 15. Bxf5 Qxf5 16. b3 Rfd8 17. Qd3 Qe6 18. Rhe1 Qg4 19. Qf1 Nd7 20. h3 Qh5
21. g4 Qg6 22. Qd3 Qxd3 23. Rxd3 Nc5 24. Rdd1 Ne4 25. Kc2 h6 26. Nd2 Ng5 27.
Rh1 Bxd4 28. Bxg5 hxg5 29. Nf3 Bxf2 30. Nxg5 f6 31. Ne4 Bd4 32. Rd3 c5 33. Rhd1
b6 34. b4 Re8 35. bxc5 bxc5 36. Nxc5 Bxc5 37. Rd7 Re2+ 38. Kb3 Rb8+ 39. Kc3
Bb4+ 40. Kd3 Rxa2 41. Rf1 Ra3+ 42. Kc2 Rxh3 43. Kd1 Bc5 44. g5 Rb1+ 45. Ke2
Re3+ 46. Kf2 Re7+ {Normal} 0-1

[Event "Rated Blitz game"]
[Site "?"]
[Date "2021.10.22"]
[Round "?"]
[White "valera25"]
[Black "alaeldin1212"]
[Result "1/2-1/2"]
[WhiteElo "2433"]
[BlackElo "2395"]
[PlyCount "154"]
[EventDate "2021.??.??"]
[EventType "blitz"]

1. e4 e5 2. Nf3 d5 3. Nc3 dxe4 4. Nxe5 Qd4 5. Ng4 f5 6. Ne3 Nf6 7. Bb5+ c6 8.
Ba4 f4 9. Nf1 Bc5 10. Qe2 O-O 11. h3 Kh8 12. Kd1 Qxf2 13. Qxf2 Bxf2 14. d3 b5
15. Bb3 Rd8 16. Ke2 e3 17. Kf3 g5 18. Ke2 Na6 19. Nh2 Nc5 20. Nd1 Nh5 21. Nxf2
Ng3+ 22. Kf3 exf2 23. Rd1 a5 24. Kxf2 a4 25. Bf7 Be6 26. Bxe6 Nxe6 27. Nf3 h6
28. Bd2 Kg8 29. Re1 Re8 30. Bb4 Nf5 31. Re5 Ned4 32. Nxd4 Rxe5 33. Nxf5 Rxf5
34. Re1 Rf7 35. d4 Rd8 36. c3 Kh7 37. Re6 Rc8 38. Bd6 Rd7 39. Be5 c5 40. Rb6 b4
41. dxc5 bxc3 42. Bxc3 Rxc5 43. Ra6 a3 44. Rxa3 Rcd5 45. Ra4 R5d6 46. Re4 Kg6
47. Kf3 Rd3+ 48. Kf2 h5 49. Re6+ Kf5 50. Rf6+ Ke4 51. Re6+ Kf5 52. Re5+ Kg6 53.
Re6+ Kh7 54. Re5 R3d5 55. Rxd5 Rxd5 56. a4 Kg6 57. a5 Kf5 58. b4 Rd3 59. Be1
Rb3 60. a6 Rb2+ 61. Kf1 Ra2 62. b5 g4 63. hxg4+ hxg4 64. Bf2 Ra1+ 65. Ke2 Ke4
66. a7 f3+ 67. gxf3+ gxf3+ 68. Kd2 Ra2+ 69. Kc3 Kd5 70. b6 Kc6 71. Kd3 Kb7 72.
Ke3 Ra3+ 73. Kf4 Rb3 74. Kg3 Ka8 75. Kf4 Kb7 76. Kg3 Ka8 77. Kf4 Kb7 {Normal}
1/2-1/2

[Event "Rated Blitz game"]
[Site "?"]
[Date "2021.10.22"]
[Round "?"]
[White "Mouradben"]
[Black "Annali-annaliew1979"]
[Result "0-1"]
[WhiteElo "2389"]
[BlackElo "2435"]
[PlyCount "140"]
[EventDate "2021.??.??"]
[EventType "blitz"]

1. e4 e5 2. Nf3 d5 3. exd5 e4 4. Ne5 Bd6 5. d4 Nf6 6. c4 b6 7. Nc3 h6 8. Bf4
O-O 9. Be2 Bf5 10. O-O Qe7 11. Re1 Nfd7 12. Nxd7 Nxd7 13. Bxd6 Qxd6 14. Qd2 Nf6
15. h3 Rfe8 16. Qe3 Bg6 17. Rad1 a6 18. a3 a5 19. Nb5 Qe7 20. d6 cxd6 21. d5
Rab8 22. Nd4 Qd7 23. b4 axb4 24. axb4 Ra8 25. Nc6 Qc7 26. Qg3 Nd7 27. h4 Ne5
28. h5 Bh7 29. Nxe5 Rxe5 30. Qf4 Rae8 31. g4 e3 32. f3 f5 33. Bd3 fxg4 34.
Bxh7+ Kxh7 35. fxg4 Qe7 36. Rd3 Qh4 37. Rdxe3 Rxe3 38. Rxe3 Rxe3 39. Qxe3 Qxg4+
40. Kf2 Qxc4 41. Qxb6 Qxd5 42. b5 Qxh5 43. Qc6 Qh2+ 44. Kf1 Qf4+ 45. Ke2 Qg4+
46. Kf2 Qd4+ 47. Ke2 Qe5+ 48. Kf2 d5 49. b6 d4 50. b7 d3 51. Qb6 Qe2+ 52. Kg3
d2 53. Qb1+ g6 54. b8=Q Qe1+ 55. Kg2 Qe4+ 56. Kh3 Qf3+ 57. Kh2 Qf2+ 58. Kh3
Qf3+ 59. Qg3 d1=Q 60. Qxf3 Qxf3+ 61. Kh2 Qf2+ 62. Kh3 Qf5+ 63. Kh2 Qxb1 64. Kg3
Qf5 65. Kh2 Qf3 66. Kg1 Qe2 67. Kh1 h5 68. Kg1 h4 69. Kh1 h3 70. Kg1 Qg2# {
Normal} 0-1

[Event "Rated Blitz tournament BHezUIgs"]
[Site "?"]
[Date "2021.10.22"]
[Round "?"]
[White "SmartrusGamer"]
[Black "Rajawali_sakti_CSS"]
[Result "1-0"]
[WhiteElo "2471"]
[BlackElo "2332"]
[PlyCount "85"]
[EventDate "2021.??.??"]
[EventType "blitz"]

1. e4 e5 2. Nf3 d5 3. Nxe5 Bd6 4. d4 dxe4 5. Bc4 Bxe5 6. dxe5 Qxd1+ 7. Kxd1 Nc6
8. Bf4 Bg4+ 9. Kc1 Nge7 10. Re1 h6 11. Rxe4 O-O-O 12. Nc3 Bh5 13. b3 g5 14. Bg3
Nd4 15. Kb2 Bg6 16. Rxd4 Rxd4 17. e6 f5 18. Be5 Rxc4 19. Bxh8 Rc6 20. Re1 a6
21. Bg7 Kd8 22. Bxh6 g4 23. Bg5 Ke8 24. h3 gxh3 25. gxh3 b5 26. a3 f4 27. Bxf4
a5 28. b4 axb4 29. axb4 Rc4 30. Bg5 Rxb4+ 31. Kc1 Rc4 32. Nxb5 Rxc2+ 33. Kd1
Nd5 34. Re5 c6 35. Nd6+ Kf8 36. e7+ Nxe7 37. Bxe7+ Kg8 38. Bh4 Rc3 39. Re3 Rc5
40. Ne4 Rh5 41. Nf6+ Kf7 42. Nxh5 Bxh5+ 43. Kd2 {Normal} 1-0

[Event "Rated Blitz game"]
[Site "?"]
[Date "2021.10.22"]
[Round "?"]
[White "cyrilortega62"]
[Black "Annali-annaliew1979"]
[Result "0-1"]
[WhiteElo "2507"]
[BlackElo "2429"]
[PlyCount "33"]
[EventDate "2021.??.??"]
[EventType "blitz"]

1. e4 e5 2. Nf3 d5 3. Nxe5 Qe7 4. d4 f6 5. Qh5+ g6 6. Nxg6 Qxe4+ 7. Be3 Qxg6 8.
Qf3 Ne7 9. Bd3 Bf5 10. O-O Bxd3 11. cxd3 Nbc6 12. Nc3 a6 13. Nxd5 Nxd5 14. Qxd5
Bd6 15. Qe6+ Ne7 16. Rfe1 Qf5 17. Qf7+ {Normal} 0-1

[Event "Rated Blitz game"]
[Site "?"]
[Date "2021.10.22"]
[Round "?"]
[White "Dzon_Vejn"]
[Black "ahoramahora"]
[Result "1-0"]
[WhiteElo "2518"]
[BlackElo "2432"]
[PlyCount "67"]
[EventDate "2021.??.??"]
[EventType "blitz"]

1. e4 e5 2. Nf3 d5 3. exd5 e4 4. Qe2 Nf6 5. d3 Qxd5 6. Nfd2 Bb4 7. c3 Be7 8.
dxe4 Qd8 9. Nf3 O-O 10. Nbd2 Nc6 11. Qd3 Qe8 12. Be2 Be6 13. O-O Rd8 14. Qc2 a5
15. h3 Bc5 16. Nb3 Bxb3 17. Qxb3 Qxe4 18. Re1 Ne5 19. Nxe5 Qxe5 20. Qxb7 Ne4
21. Be3 Bxe3 22. fxe3 Rd2 23. Bf3 Nc5 24. Qb5 Rfd8 25. b4 axb4 26. cxb4 Nd3 27.
Qxe5 Nxe5 28. Be4 Rb2 29. a4 Rdd2 30. Red1 f5 31. Rxd2 Rxd2 32. Bxf5 Nc4 33.
Be6+ Kf8 34. Bxc4 {Normal} 1-0

[Event "Rated Blitz game"]
[Site "?"]
[Date "2021.10.22"]
[Round "?"]
[White "MoveAndThink"]
[Black "barry-allen"]
[Result "1/2-1/2"]
[WhiteElo "2442"]
[BlackElo "2385"]
[PlyCount "118"]
[EventDate "2021.??.??"]
[EventType "blitz"]

1. e4 e5 2. Nf3 d5 3. Qe2 dxe4 4. Qxe4 f6 5. Bc4 Ne7 6. Nc3 Nbc6 7. d3 Bf5 8.
Qh4 Ng6 9. Qg3 a6 10. O-O Qd7 11. Nh4 Nxh4 12. Qxh4 O-O-O 13. Be3 g5 14. Qg3 h5
15. h4 gxh4 16. Qxh4 Be7 17. Nd5 Rdf8 18. Nxe7+ Qxe7 19. a3 Be6 20. Bxe6+ Qxe6
21. f4 f5 22. Rae1 e4 23. dxe4 fxe4 24. c3 Qf5 25. Qg5 Rhg8 26. Qxf5+ Rxf5 27.
Kh2 Rg4 28. Rf2 h4 29. Rd1 Nd8 30. Rd4 Rg3 31. Rxe4 Nf7 32. Rd2 b6 33. Bf2 Rg4
34. g3 Nd6 35. Re5 hxg3+ 36. Bxg3 Rgxf4 37. Bxf4 Rxf4 38. Re3 Nc4 39. Re8+ Kb7
40. Rde2 a5 41. Kg3 Rf7 42. R8e4 b5 43. a4 c6 44. axb5 cxb5 45. Re7+ Rxe7 46.
Rxe7+ Kc6 47. b3 Nd2 48. Rh7 Nxb3 49. Rh6+ Kc5 50. Kf3 Kc4 51. Rc6+ Nc5 52. Ke3
b4 53. cxb4 axb4 54. Kd2 b3 55. Kc1 Kb4 56. Rc8 Nd3+ 57. Kd2 Nc5 58. Rb8+ Kc4
59. Rxb3 Nxb3+ {Normal} 1/2-1/2

[Event "Rated Blitz tournament YJJ7BY3t"]
[Site "?"]
[Date "2021.10.22"]
[Round "?"]
[White "apola"]
[Black "Razario90"]
[Result "1-0"]
[WhiteElo "2295"]
[BlackElo "2406"]
[PlyCount "125"]
[EventDate "2021.??.??"]
[EventType "blitz"]

1. e4 e5 2. Nf3 d5 3. Nxe5 Bd6 4. d4 dxe4 5. Nc3 Bxe5 6. dxe5 Qxd1+ 7. Kxd1 Nc6
8. Bb5 Nge7 9. Nxe4 Bf5 10. Nd2 O-O-O 11. Re1 Bxc2+ 12. Kxc2 Nd4+ 13. Kc3 Nxb5+
14. Kc4 c6 15. Nf3 Nd5 16. Bg5 Nb6+ 17. Kb4 Rd7 18. Rad1 Nd5+ 19. Kb3 h6 20.
Bh4 Re8 21. a4 Nbc7 22. Bg3 Ne6 23. Ka3 Red8 24. b3 Nc3 25. Rxd7 Rxd7 26. Nh4
g6 27. Rc1 Ne2 28. Rc2 N2d4 29. Rd2 g5 30. Nf3 Nxf3 31. Rxd7 Kxd7 32. gxf3 Nd4
33. f4 gxf4 34. Bxf4 h5 35. Kb4 Ke6 36. Kc4 Ne2 37. Be3 b6 38. Kd3 Ng1 39. Ke4
Ne2 40. f4 f5+ 41. exf6 Kxf6 42. Kd3 Nxf4+ 43. Bxf4 Kf5 44. Bb8 a6 45. Ba7 b5
46. a5 Kg4 47. Kd4 Kh3 48. Bb8 Kg2 49. Kc5 Kf3 50. Kxc6 Ke4 51. Kb6 Kd3 52.
Kxa6 Kc3 53. Kb6 Kxb3 54. a6 b4 55. a7 Kc2 56. a8=Q b3 57. Qg2+ Kc3 58. Qf3+
Kc2 59. Qxh5 b2 60. Qf5+ Kc1 61. h4 b1=Q+ 62. Qxb1+ Kxb1 63. h5 {Normal} 1-0

[Event "Rated Blitz tournament YJJ7BY3t"]
[Site "?"]
[Date "2021.10.22"]
[Round "?"]
[White "amor4ati"]
[Black "Razario90"]
[Result "0-1"]
[WhiteElo "2401"]
[BlackElo "2416"]
[PlyCount "142"]
[EventDate "2021.??.??"]
[EventType "blitz"]

1. e4 e5 2. Nf3 d5 3. exd5 e4 4. Qe2 Nf6 5. d3 Qxd5 6. dxe4 Qxe4 7. Nc3 Bb4 8.
Bd2 Qxe2+ 9. Bxe2 O-O 10. O-O-O Nc6 11. Rhe1 Ng4 12. Rf1 Bf5 13. h3 Nf6 14. g4
Bg6 15. Nh4 Rfe8 16. Nxg6 hxg6 17. Bd3 Rad8 18. a3 Bc5 19. Bg5 Bd4 20. Ne4 Rd7
21. Nxf6+ Bxf6 22. Bxf6 gxf6 23. Rfe1 Ne5 24. Bb5 Rxd1+ 25. Rxd1 c6 26. Be2 g5
27. Rd6 Re6 28. Rd8+ Kg7 29. Rb8 Re7 30. Ra8 b6 31. Kd1 Ng6 32. Rc8 c5 33. Bf1
Ne5 34. Be2 Rd7+ 35. Kc1 Ng6 36. Re8 Re7 37. Rxe7 Nxe7 38. Bf3 f5 39. gxf5 Nxf5
40. Kd2 Kf6 41. Ba8 Ke5 42. Kd3 Ne7 43. Bb7 Ng6 44. Bc8 f5 45. Ke3 Nf4 46. h4
gxh4 47. Kf3 Ne6 48. Kg2 Nf4+ 49. Kf3 b5 50. b3 b4 51. a4 a5 52. Bd7 Ne6 53.
Kg2 Nd4 54. Kh3 Nxc2 55. Kxh4 Nd4 56. Kg5 Nxb3 57. Bxf5 Nd4 58. Bd7 Ne2 59. f4+
Nxf4 60. Bb5 Nd5 61. Bc4 Nc3 62. Bb3 Kd4 63. Kf4 c4 64. Bd1 b3 65. Bf3 b2 66.
Kg5 b1=Q 67. Bg4 Qe4 68. Bf5 Qe5 69. Kg6 Nd5 70. Bg4 Qf6+ 71. Kh5 Nf4# {Normal}
0-1

[Event "Rated Blitz game"]
[Site "?"]
[Date "2021.10.22"]
[Round "?"]
[White "artem64"]
[Black "Larenim"]
[Result "1-0"]
[WhiteElo "2423"]
[BlackElo "2320"]
[PlyCount "81"]
[EventDate "2021.??.??"]
[EventType "blitz"]

1. e4 e5 2. Nf3 d5 3. d4 dxe4 4. Nxe5 Bd6 5. Nc4 Nf6 6. Be2 Nc6 7. c3 O-O 8.
Be3 Be6 9. Nxd6 Qxd6 10. Nd2 Rfe8 11. Qc2 Bf5 12. h3 Nd5 13. Nc4 Qg6 14. g4 Bd7
15. O-O-O b5 16. Nd2 b4 17. c4 Nxe3 18. fxe3 a5 19. c5 a4 20. d5 Ne5 21. c6 Bc8
22. Qxe4 Qxe4 23. Nxe4 Nxg4 24. hxg4 Rxe4 25. Bf3 Rxe3 26. Rhe1 Rxe1 27. Rxe1
Kf8 28. Re4 b3 29. axb3 axb3 30. Rb4 Ra1+ 31. Kd2 Rg1 32. Rb8 Ke7 33. Rxc8 Rb1
34. Rxc7+ Kd6 35. Rd7+ Kc5 36. c7 Kd4 37. c8=Q Rxb2+ 38. Kc1 Rf2 39. Bd1 b2+
40. Kb1 Rd2 41. Qc2 {Normal} 1-0

[Event "Rated Blitz game"]
[Site "?"]
[Date "2021.10.22"]
[Round "?"]
[White "kofte"]
[Black "Taabling"]
[Result "0-1"]
[WhiteElo "2493"]
[BlackElo "2532"]
[PlyCount "48"]
[EventDate "2021.??.??"]
[EventType "blitz"]

1. e4 e5 2. Nf3 d5 3. exd5 Bd6 4. d4 e4 5. Ne5 Nf6 6. c4 c5 7. dxc6 Nxc6 8.
Nxc6 bxc6 9. Nc3 O-O 10. Be2 Qc7 11. Bg5 Re8 12. Qd2 Rb8 13. c5 Be7 14. Bf4 Qb7
15. Bxb8 Qxb8 16. O-O Bd8 17. Bc4 Bc7 18. h3 Bf4 19. Qe2 Bf5 20. Nd1 Qc8 21. g3
Bxh3 22. gxf4 Bg4 23. Qe3 Bf3 24. Re1 Qg4+ {Normal} 0-1

[Event "Rated Blitz game"]
[Site "?"]
[Date "2021.10.22"]
[Round "?"]
[White "mared2"]
[Black "Pepiton61"]
[Result "0-1"]
[WhiteElo "2454"]
[BlackElo "2383"]
[PlyCount "100"]
[EventDate "2021.??.??"]
[EventType "blitz"]

1. e4 e5 2. Nf3 d5 3. exd5 e4 4. Qe2 Nf6 5. d3 Qxd5 6. Bg5 Bb4+ 7. c3 O-O 8.
dxe4 Nxe4 9. Be3 Bc5 10. Nbd2 Bxe3 11. Qxe3 Nxd2 12. Qxd2 Re8+ 13. Be2 Qe6 14.
O-O-O Qxa2 15. Bd3 Nc6 16. Bb1 Qa5 17. Qc2 g6 18. b4 Qa3+ 19. Qb2 Qxb2+ 20.
Kxb2 Be6 21. Be4 Nd8 22. Rhe1 c6 23. Ng5 a5 24. Nxe6 Nxe6 25. Bc2 axb4 26. cxb4
Rad8 27. g3 Rxd1 28. Rxd1 Rd8 29. Rf1 Rd2 30. Kc3 Re2 31. Bd3 Re5 32. Bc4 Nc7
33. Rd1 Nd5+ 34. Bxd5 cxd5 35. Kd4 Re2 36. Rf1 Rb2 37. Kc5 d4 38. h4 d3 39. f4
d2 40. Rd1 Kg7 41. b5 Kf6 42. Kb6 Kf5 43. Kxb7 Rxb5+ 44. Kc6 Rb2 45. Kd5 Kg4
46. Ke4 Kxg3 47. f5 gxf5+ 48. Kxf5 Kxh4 49. Kf6 Kg3 50. Kxf7 Kf2 {Normal} 0-1

[Event "Rated Blitz game"]
[Site "?"]
[Date "2021.10.22"]
[Round "?"]
[White "Gubancs"]
[Black "Pepiton61"]
[Result "1-0"]
[WhiteElo "2559"]
[BlackElo "2399"]
[PlyCount "95"]
[EventDate "2021.??.??"]
[EventType "blitz"]

1. e4 e5 2. Nf3 d5 3. d4 dxe4 4. Nxe5 Bd6 5. Nc4 Nc6 6. Nc3 Nf6 7. Be2 O-O 8.
a3 Bf5 9. Bg5 h6 10. Bh4 Re8 11. Ne3 Bg6 12. g4 Bf4 13. d5 Ne5 14. Qd4 Qd6 15.
O-O-O a6 16. Bg3 Bxg3 17. hxg3 Rad8 18. Qa4 b5 19. Qb4 Nf3 20. Bxf3 Qxb4 21.
axb4 exf3 22. Rd4 Re5 23. Rhd1 Rg5 24. Rf4 Rd6 25. Rdd4 Kf8 26. Rxf3 c6 27.
Rff4 cxd5 28. Rd1 Re5 29. Rfd4 Ne4 30. Nxe4 Rxe4 31. Rxe4 Bxe4 32. Rd4 g6 33.
Kd2 Rf6 34. Ke2 Bf3+ 35. Ke1 Kg7 36. c3 Re6 37. Kd2 Rf6 38. Rf4 Rxf4 39. gxf4
h5 40. g5 h4 41. Nf1 h3 42. Nh2 Bg2 43. f3 f6 44. Ke3 fxg5 45. fxg5 Kf7 46. Kf4
Ke6 47. Kg4 Kd6 48. f4 {Time forfeit} 1-0

[Event "Rated Blitz game"]
[Site "?"]
[Date "2021.10.22"]
[Round "?"]
[White "VBZhadanov"]
[Black "Annali-annaliew1979"]
[Result "0-1"]
[WhiteElo "2399"]
[BlackElo "2420"]
[PlyCount "116"]
[EventDate "2021.??.??"]
[EventType "blitz"]

1. e4 e5 2. Nf3 d5 3. exd5 e4 4. Qe2 f5 5. d3 Nf6 6. dxe4 fxe4 7. Nc3 Be7 8.
Nxe4 Nxe4 9. Qxe4 O-O 10. Be3 Bf5 11. Qc4 Bd6 12. O-O-O Nd7 13. Bd3 Bxd3 14.
Qxd3 Ne5 15. Nxe5 Bxe5 16. Rhe1 Qf6 17. c3 Rad8 18. f3 c6 19. Qc4 cxd5 20. Rxd5
Rxd5 21. Qxd5+ Kh8 22. Bd4 Qf4+ 23. Kc2 Bxd4 24. Qxd4 Qxh2 25. Re2 b6 26. Qe5
Qh6 27. Qe7 Rg8 28. Qe6 Qg5 29. Qf7 h6 30. b3 a5 31. Kb2 a4 32. bxa4 Qa5 33.
Re8 Rxe8 34. Qxe8+ Kh7 35. Qb5 Qa7 36. Qc4 h5 37. Kb3 g6 38. g4 h4 39. g5 Kg7
40. Qxh4 Qf7+ 41. Qc4 Qxf3 42. Qd4+ Kg8 43. Qxb6 Qd5+ 44. Ka3 Qxg5 45. Qb3+ Kh7
46. Qb5 Qc1+ 47. Kb3 g5 48. Kc4 Kh6 49. Qc6+ Kh5 50. Qf3+ g4 51. Qf5+ Kh4 52.
Qf2+ g3 53. Qf6+ Kh3 54. Qf3 Kh2 55. Qh5+ Kg1 56. Qc5+ Kg2 57. Qd5+ Kf2 58.
Qc5+ Qe3 {Time forfeit} 0-1

[Event "Rated Blitz game"]
[Site "?"]
[Date "2021.10.22"]
[Round "?"]
[White "Joker00Tunisia"]
[Black "Barruch"]
[Result "1-0"]
[WhiteElo "2333"]
[BlackElo "2435"]
[PlyCount "115"]
[EventDate "2021.??.??"]
[EventType "blitz"]

1. e4 e5 2. Nf3 d5 3. exd5 Bd6 4. Bc4 Nf6 5. O-O O-O 6. d3 Bg4 7. Bg5 h6 8. Bh4
g5 9. Bg3 Nbd7 10. Bb3 Nh5 11. Nbd2 f5 12. h3 Nxg3 13. fxg3 Bh5 14. Qe1 Qf6 15.
g4 fxg4 16. Ne4 Qg7 17. hxg4 Bxg4 18. Qg3 Bxf3 19. gxf3 Rf4 20. Kg2 Raf8 21. c4
Nc5 22. Nxc5 Bxc5 23. Bd1 Bd4 24. Rb1 Qg6 25. Be2 Qf5 26. b3 Rf6 27. Qh3 Qxh3+
28. Kxh3 Kf7 29. Rh1 Kg6 30. Kg2 h5 31. Rbf1 Ra6 32. a4 Rb6 33. Bd1 a5 34. Kg3
h4+ 35. Kg2 Rff6 36. Re1 Kf5 37. Re4 c6 38. dxc6 bxc6 39. Rhe1 c5 40. Rg4 Rf7
41. f4 exf4 42. Bf3 Rxb3 43. Be4+ Kf6 44. Kf3 Rb4 45. Rd1 Rxa4 46. Rb1 Rb4 47.
Ra1 a4 48. Bc6 Rc7 49. Bxa4 Ra7 50. Rxf4+ gxf4 51. Ke4 Raxa4 52. Rf1 Kg5 53.
Rxf4 Be3 54. Rf5+ Kg6 55. Rxc5 Rxc4+ 56. Rxc4 Rxc4+ 57. dxc4 Bf2 58. Kf3 {
Time forfeit} 1-0

[Event "Rated Blitz game"]
[Site "?"]
[Date "2021.10.22"]
[Round "?"]
[White "vivek91"]
[Black "Pepiton61"]
[Result "1-0"]
[WhiteElo "2407"]
[BlackElo "2405"]
[PlyCount "81"]
[EventDate "2021.??.??"]
[EventType "blitz"]

1. e4 e5 2. Nf3 d5 3. exd5 e4 4. Qe2 Nf6 5. d3 Qxd5 6. Nc3 Bb4 7. Nd2 Bxc3 8.
bxc3 O-O 9. Nxe4 Nxe4 10. Qxe4 Qc5 11. Qd4 Re8+ 12. Be2 Qe7 13. Be3 Nc6 14. Qf4
Qa3 15. Kd2 Be6 16. Rhb1 Rad8 17. Rxb7 Na5 18. Rb4 Nc6 19. Rb5 a6 20. Rc5 Ne7
21. Qb4 Qxb4 22. cxb4 Nd5 23. a3 f5 24. c4 f4 25. cxd5 fxe3+ 26. fxe3 Bxd5 27.
Bf3 Bf7 28. Rxc7 Re5 29. Rf1 Bg6 30. d4 a5 31. Be2 axb4 32. axb4 Rg5 33. g3 h6
34. Bc4+ Kh7 35. Bd3 Ra8 36. Bxg6+ Rxg6 37. Rb1 Rf6 38. Kd3 Ra3+ 39. Rc3 Ra2
40. b5 Rxh2 41. b6 {Normal} 1-0

[Event "Rated Blitz game"]
[Site "?"]
[Date "2021.10.22"]
[Round "?"]
[White "garri007"]
[Black "GhengisClown"]
[Result "0-1"]
[WhiteElo "2403"]
[BlackElo "2317"]
[PlyCount "94"]
[EventDate "2021.??.??"]
[EventType "blitz"]

1. e4 e5 2. Nf3 d5 3. exd5 e4 4. Nd4 Bc5 5. Nb3 Bb6 6. d4 Nf6 7. Bg5 O-O 8. Bc4
Bf5 9. O-O Nbd7 10. c3 h6 11. Bh4 Re8 12. N1d2 Qe7 13. Re1 Bg6 14. Nf1 Qd6 15.
Bg3 Qe7 16. Ne3 Nf8 17. a4 a6 18. a5 Ba7 19. Nd2 Rad8 20. Ndf1 N8h7 21. Qb3 Rb8
22. h3 Ng5 23. h4 Ngh7 24. Bf4 Nh5 25. Be5 Qxh4 26. Bxc7 Ng5 27. Ng3 Nf4 28.
Nef1 Rbc8 29. Bxf4 Qxf4 30. Qxb7 Bb8 31. Bxa6 Rcd8 32. Ne3 h5 33. d6 h4 34. Ne2
Nf3+ 35. gxf3 Qxf3 36. Kf1 Bxd6 37. Ng1 Qf4 38. Ng2 Qg4 39. Bc4 h3 40. Ne3 Qh4
41. Nxh3 Qxh3+ 42. Ke2 Bh5+ 43. Kd2 Qf3 44. Rf1 Bf4 45. Rae1 Rb8 46. Qd7 Rxb2+
47. Kc1 Reb8 {Time forfeit} 0-1

[Event "Rated Blitz tournament 9TYdxnTc"]
[Site "?"]
[Date "2021.10.22"]
[Round "?"]
[White "AKAI_BKD"]
[Black "Bis_Kecil_BKD"]
[Result "0-1"]
[WhiteElo "2545"]
[BlackElo "2500"]
[PlyCount "32"]
[EventDate "2021.??.??"]
[EventType "blitz"]

1. e4 e5 2. Nf3 d5 3. exd5 e4 4. Nd4 Qxd5 5. Nb3 Nf6 6. Nc3 Qe5 7. Be2 Nc6 8.
O-O Bd6 9. g3 Bh3 10. Re1 O-O-O 11. d4 Qf5 12. Nb5 Ng4 13. Nxd6+ Rxd6 14. Be3
Rf6 15. Bxg4 Bxg4 16. Qc1 Bf3 {Normal} 0-1

[Event "Rated Blitz game"]
[Site "?"]
[Date "2021.10.22"]
[Round "?"]
[White "Kote-20C"]
[Black "barry-allen"]
[Result "1-0"]
[WhiteElo "2419"]
[BlackElo "2363"]
[PlyCount "51"]
[EventDate "2021.??.??"]
[EventType "blitz"]

1. e4 e5 2. Nf3 d5 3. exd5 e4 4. Qe2 Nf6 5. Nc3 Be7 6. Nxe4 O-O 7. d4 Qxd5 8.
Nxf6+ Bxf6 9. Be3 Nd7 10. c4 Qa5+ 11. Qd2 Qh5 12. Bd3 c5 13. d5 Ne5 14. Nxe5
Bxe5 15. Bxc5 Re8 16. Be3 Bd7 17. Qe2 Qxe2+ 18. Kxe2 Bxb2 19. Rab1 Bd4 20. Rxb7
Bxe3 21. fxe3 Bg4+ 22. Kd2 a5 23. Rf1 Bh5 24. g4 Bg6 25. Bxg6 f6 26. Bxe8 {
Time forfeit} 1-0

[Event "Rated Blitz game"]
[Site "?"]
[Date "2021.10.22"]
[Round "?"]
[White "Bgln"]
[Black "Annali-annaliew1979"]
[Result "0-1"]
[WhiteElo "2443"]
[BlackElo "2433"]
[PlyCount "58"]
[EventDate "2021.??.??"]
[EventType "blitz"]

1. e4 e5 2. Nf3 d5 3. exd5 e4 4. Nd4 c5 5. Nb3 f5 6. Nc3 Nf6 7. Bb5+ Nbd7 8.
O-O Bd6 9. f3 O-O 10. fxe4 fxe4 11. d3 exd3 12. Bxd3 a6 13. Bg5 Qe8 14. Qd2 Qh5
15. g3 Ne5 16. Be2 Neg4 17. Bxg4 Bxg4 18. Bxf6 Rxf6 19. Rxf6 gxf6 20. Ne4 Be5
21. d6 Rd8 22. Nbxc5 b6 23. Nb7 Rd7 24. Qd5+ Kh8 25. Qc6 Qf5 26. Rf1 Bd4+ 27.
Nf2 Bh3 28. Qc8+ Kg7 29. g4 Qxg4+ {Normal} 0-1